000 01000nam a2200325 i 4500
003 EG-GICUC
005 20260208171419.0
008 260208s1972 fr ||fr|||| 000 0 fre d
040 _aEG-GiCUC
_bfre
_cEG-GiCUC
_dEG-GiCUC
_eRda
041 0 _afre
082 0 4 _221
_a341.3
_bPI . D
092 0 4 _221
099 _aLaw1 11 341.3 PI . D 1972
100 1 _aPinto, Roger
_eAuteur
245 1 3 _aLe Droit Des Relations Internationales /
_cRoger Pinto.
264 3 _aParis :
_bPayot,
_c1972.
300 _a372 page,
_c24 cm.
336 _2rda contenu
_a texte
337 _2rda medias
_aOrdinateur
338 _2 transporteur rda
_a Ressource en ligne
490 _aBiblioth Fque Économique Et Politique
500 _a
504 _aComprend des références bibliographiques.
546 _aTexte en français
650 1 4 _aDroit international public
_2
651 1 _2
856 4 0 _uhttps://fll.law.cu.edu.eg/fulltext/bks/B11-06817.pdf
905 _a48
942 _2ddc
_cBK
_e21
_n0
999 _c61693
_d61693